| 000 | 00683nam a2200229 a 4500 | ||
|---|---|---|---|
| 001 | BRL_612 | ||
| 005 | 20190320210824.0 | ||
| 008 | 100913s1946----mx-#######---#000-0#spa-# | ||
| 041 | _aspa | ||
| 044 | _amx | ||
| 050 | 4 |
_aF1215 _b.M36 1946 |
|
| 100 | 1 |
_aMancisidor, Joseì _d1894-1956 _924425 |
|
| 245 | 1 | 0 |
_aAngulos de México _cnotas, selección y prólogo de José Mancisidor. |
| 260 |
_aMéxico _bSEP _c1946 |
||
| 300 |
_a93 p. _c20 cm. |
||
| 440 | 0 |
_aBiblioteca enciclopédica popular _v90 _924426 |
|
| 500 | _aEstado físico: presenta lomo deteriorado y con faltantes | ||
| 500 | _aAu706 | ||
| 651 | 4 |
_aMéxico _xDescripción y viajes _9103 |
|
| 902 | _aGRL | ||
| 942 |
_2lcc _cB |
||
| 999 |
_c9424 _d9424 |
||